Представление документа в формате RUSMARC

ПолеНазваниеЗначение
  Тип записи a
  Библиографический уровень m
001 Контрольный номер cb3c9bd3777f404da9782606c7656b08
005 Дата корректировки 20140619132903.5
010 Индекс ISBN __
a ISBN 5-85652-063-7
010 Индекс ISBN __
a ISBN 5-88283-020-6
200 Заглавие и сведения об ответственности 1_
a Заглавие Библиотечное обслуживание:новая реальность
e Сведения, относящиеся к заглавию Лекции
f Первые сведения об ответственности Моск.гос. ун-т культуры и искусств
f Первые сведения об ответственности Дворкина М.Я.
210 Выходные данные 1_
a Место издания М.
c Издательство Изд-во МГУКИ
d Дата издания 2000
215 Физическое описание __
a Объем 44 с.
225 Серия 2_
a Серия Современная б-ка.Вып.2
300 Общие примечания __
a Общие примечания 2экз.
610 Ключевые слова 0_
a Ключевые слова библиотековедение
610 Ключевые слова 0_
a Ключевые слова библиотечное дело
686 Индексы других классификаций __
a Классификационный индекс 78
2 Код системы rubbk
686 Индексы других классификаций __
a Классификационный индекс 78.38
2 Код системы rubbk
700 Автор _1
a Фамилия Дворкина М.Я.
801 Источник записи _0
a Страна RU
b Организация РУК
c Дата составления 20040408
g Правила каталогизации PSBO
801 Источник записи _1
a Страна RU
b Организация РУК
c Дата составления 20040408
g Правила каталогизации PSBO
852 Данные о местонахождении __
i Авторский знак Д24
j Шифр хранения ББК 78
901 Тип документа __
t Тип документа m
938 Служебная информация __
a Название организации Головной вуз
b Имя БД BOOK
c Название АИБС АИБС ИРБИС